Central Library OPAC University of Rajshahi

Mental measurement / (Record no. 30469)

MARC details
000 -LEADER
fixed length control field 00882cam a22002652i 4500
001 - CONTROL NUMBER
control field 30469
003 - CONTROL NUMBER IDENTIFIER
rucl marc code UkOxU
005 - DATE AND TIME OF LATEST TRANSACTION
control field 20211209051553.0
008 - FIXED-LENGTH DATA ELEMENTS--GENERAL INFORMATION
fixed length control field 140410s1953 enk 000 0 eng d
035 ## - SYSTEM CONTROL NUMBER
System control number (BD-RjUL)30555
040 ## - CATALOGING SOURCE
Original cataloging agency UKM
Transcribing agency UKM
Modifying agency EQO
-- BD-RjUL
Language of cataloging eng
041 ## - LANGUAGE CODE
Language code of text/sound track or separate title eng
082 ## - DEWEY DECIMAL CLASSIFICATION NUMBER
Classification number 153.93
Edition number 23
Author mark and year BOM 1953
100 1# - MAIN ENTRY--PERSONAL NAME
Personal name Bowyer, Ruth
9 (RLIN) 92585
245 10 - TITLE STATEMENT
Title Mental measurement /
Statement of responsibility, etc. by Ruth Bowyer
260 ## - PUBLICATION, DISTRIBUTION, ETC. (IMPRINT)
Place of publication, distribution, etc. London :
Name of publisher, distributor, etc. University of London Press,
Date of publication, distribution, etc. c1953.
300 ## - PHYSICAL DESCRIPTION
Pagination 32 p. ;
Size 22 cm
490 ## - SERIES STATEMENT
Series statement University of Bristol, Institute of education;
Volume/sequential designation Publication Number 4
504 ## - BIBLIOGRAPHY, ETC. NOTE
Bibliography, etc Includes bibliographical references.
650 ## - SUBJECT ADDED ENTRY--TOPICAL TERM
Topical term or geographic name as entry element Aptitude tests.
9 (RLIN) 210582
Topical term or geographic name as entry element Educational testing.
9 (RLIN) 210583
Topical term or geographic name as entry element Intelligence tests.
9 (RLIN) 132887
830 #0 - SERIES ADDED ENTRY--UNIFORM TITLE
Uniform title University of Bristol, Institute of education;
Volume number/sequential designation Publication Number 4
942 ## - ADDED ENTRY ELEMENTS (KOHA)
Source of classification or shelving scheme Dewey Decimal Classification
Koha item type Books
Holdings
Lost status Source of classification or shelving scheme Damaged status Not for loan Collection code Permanent Location Current Location Shelving location Date acquired Source of acquisition Cost, normal purchase price Total Checkouts Full call number Date last seen Copy number Koha item type
  Dewey Decimal Classification   Not For Loan Non-fiction Central Library, University of Rajshahi Central Library, University of Rajshahi Reading Room 07/09/1955 B.H.Blackwell 2.00   153.93 BOM 1953 10/04/2014 C-1 Books